Quizzes
Events
Quiz Creation
Community
Videos
Private Events
Remove Ads
Sign In
Join for FREE
Feedback
Dark Mode
Quiz Categories
Sports
Geography
Music
Movies
Television
Just For Fun
Miscellaneous
History
Literature
Language
Science
Gaming
Entertainment
Religion
Holiday
For Kids
Quiz Lab
Recent
Popular Today
Quiz Kudos Today
Editor Picks
Curator Picks
Quizzes by...
Day
Popularity
Type
Ratings
Length
Year
Community
Subscriptions
Recent Discussions
Orange Saloon
Badges
Playlists
Quests
Create
Leaderboards
Showdown
Live 5
Trivia Bingo
Activity
Puzzle Library
Sporcle Events
Private Events
Virtual Trivia
Globe League
Become a Host
Pub Owners
SporcleCon
Opinionation
Our Games
Videos
Blog
Mobile Apps
Partnerships
Remove Ads and Go Orange
Feedback
Miscellaneous
Crossword
General Knowledge
Baby Names
Logo
Food
Cars
Numbers
Grab Bag
University
College
Popular
Company
Slogans
Restaurants
Justice
Letter
Miscellaneous
Crossword
General Knowledge
Baby Names
Logo
Food
Cars
Numbers
Grab Bag
University
College
Popular
Company
Slogans
Restaurants
Justice
Letter
Random Quiz
Search Sporcle
×
Quiz Lab
Quiz Lab
Miscellaneous
Rock
Type in answers that appear in a list
Type in answers that appear in a list
Classic
Best Score? Go Orange.
Snow and Rock Product Codes Stats
Can you name the Snow and Rock Product Codes?
By
Haighy123
15m
100 Questions
15 Plays
15 Plays
15 Plays
Comments
Comments
Give Quiz Kudos
Give Quiz Kudos
-
- Ratings
hide this ad
Replay
Link that replays current quiz
Next Quiz
Link to next quiz in quiz playlist
You Got
0%
They Got
Avg Score
57%
Avg Friend Score
Upgrade to see
Score Distribution
Jump to the score distribution portion of the page
Score
0/100
Timer
15:00
0
Plays Today
Stock Code
Brand
% Correct
TNF
The North Face
86.7%
KJU
Kjus
86.7%
DTY
Dirty Dog
83.3%
GIR
Giro
83.3%
BOL
Bolle
83.3%
ADI
Adidas
83.3%
SMI
Smith
83.3%
BUF
Buff
83.3%
ROS
Rossignol
83.3%
EID
Eider
83.3%
ICE
Icebreaker
83.3%
HEL
Helly Hansen
83.3%
DAK
Dakine
83.3%
SOR
Sorel
83.3%
SCA
Scarpa
80%
K22
K2
80%
BER
Berghaus
80%
OAK
Oakley
80%
SCH
Schoffel
80%
SPY
Spyder
80%
SAL
Salomon
80%
OSP
Osprey
80%
ARC
Arcteryx
80%
HES
Hestra
80%
ANO
Anon
80%
COL
Columbia
80%
GOP
GoPro
78.6%
MAM
Mammut
78.6%
MEQ
Mountain Equipment
78.6%
PAT
Patagonia
78.6%
SID
Sidas
75%
ORT
Ortovox
75%
ALO
Aloe Up
75%
SUU
Suunto
75%
Stock Code
Brand
% Correct
GRI
Grivel
75%
S+R
Snow and Rock
75%
HAG
Haglofs
75%
VIC
Victorinox
75%
VAN
Vans
75%
YAK
Yaktrax
75%
4SQ
4 Square
75%
BUR
Burton
75%
MAG
Maglite
75%
PEA
Peak Performance
73.3%
SWE
Sweet Protection
73.3%
MER
Merrel
73.3%
ATO
Atomic
71.4%
FIV
Five Ten
71.4%
MHW
Mountain Hardware
71.4%
SPV
La Sportiva
66.7%
SLW
Salewa
66.7%
MEI
Meister
66.7%
MKR
Marker
66.7%
BOR
Boreal
66.7%
CLF
Clif Bar
66.7%
JUL
Julbo
66.7%
TEV
Teva
66.7%
KEE
Keen
66.7%
ABS
ABS
66.7%
LEK
Leki
66.7%
SCO
Scott
66.7%
LAN
Lange
66.7%
SGIFTISSUE
Gift card
66.7%
BRN
Bern
64.3%
CHU
Chums
64.3%
INO
Inov8
64.3%
NRR
Norrona
64.3%
SUP
Superfeet
64.3%
Stock Code
Brand
% Correct
GRA
Grangers
58.3%
SIL
Silva
58.3%
HOT
Hotpack
58.3%
GAR
Garmin
58.3%
LEA
Leatherman
58.3%
UND
Under Armour
58.3%
WAY
Wayfayrer
58.3%
WIL
Wild Country
58.3%
WES
Westbeach
58.3%
DUM
Dummy
58.3%
OTR
Outdoor Research
57.1%
CBK
Camelbak
50%
HDU
H Duvillard
50%
LSY
Lifesystems
50%
LVE
Lifeventure
50%
BCA
BCA
50%
VOL
Volkl
50%
TSL
Toni Sailer
42.9%
SSB
Salomon Snowboard
42.9%
DAI
Dainese
42.9%
BAL
Balmi
41.7%
CTG
Skins
41.7%
TEC
Tecnica
41.7%
AHO
Airhole
41.7%
BTB
Boot Bananas
35.7%
PCH
Petzl Charlet
35.7%
HTC
Hotronic
33.3%
WHD
White Doctor
25%
CCO
Casco
25%
INT
Intuition
25%
CNG
Canada Goose
16.7%
BRS
Breo
16.7%
Quiz Playlist
Details
Report
Send in Message
Add To Playlist
Classic:
Type in answers that appear in a list
Last Updated: Feb 16, 2017
Quiz Scoreboard
CHALLENGE
Sign Up to Join the Scoreboard
Show All
Scores
Hide
Comments
May contain spoilers
Recently Published
Movies - When Are They Set?
by FPL_Elf
Movies
5m
Popular People in 1961
by mucciniale
History
6m
1-10 Letter E Words III
by El_Dandy
Language
2m
More to Explore
Quiz From the Vault
Featured Blog Post
Where Did the Easter Bunny Come From?
hide this ad
You Might Also Like...
Tags
Rock Quiz
brand
code
product
Snow
stock
Today's Top Quizzes in Miscellaneous
Browse Miscellaneous
hide this ad
Today's Top Quizzes in Rock
Browse Rock
Top Contributed Quizzes in Miscellaneous
1
The JOE quick-fire general knowledge quiz: Day 173
2
The JOE quick-fire general knowledge quiz: Day 172
3
Sunday Crossword: Famous Bodies of Water
4
The JOE quick-fire general knowledge quiz: Day 171
5
One Thing in Common: United Kingdom II
6
Named After an Animal - Odd One Out!
7
sort kpop groups by number of members
8
The JOE quick-fire quiz: Day 170
9
Sunday Crossword: Themeless #5
10
Lays Potato Chip Flavour Contest Finalists
Explore More
Trending Topics
Kpop
Anime
Disney
Marvel
NBA
Crossword
Harry Potter
The Office
Country
WWE
Song
Soccer
NFL
Pokémon
Puzzle
hide this ad
More By:
Haighy123
Quiz
Plays
Rating
Category
Featured
Created
Snow and Rock Product Codes
15
4.00
Miscellaneous
Mar 5, 2015
Go to Creator's Profile
Score Distribution
Quiz Creator Spotlight
Haighy123
Follow
Send a Message
Quizzes Created
-
Created Quiz Play Count
-
More By This Creator
Popular Quizzes Today
1
Find the US States - No Outlines Minefield
2
Find the Countries of Europe - No Outlines Minefield
3
The Countries of the World
4
Popular People in 1961
5
1-10 Letter E Words III
6
US States
7
Find the US States
8
One Thing in Common: World Cities II
More Miscellaneous Quizzes
Colorful Crossword 14
Quiz Lab
Trending Quizzes
Risky Map Clicking: Least Populous States A-Z
1-10 Letter F Words
Humor Books: The Subtitles
1-10 Letter G Words
One Thing in Common: United Kingdom
Recently Updated
Leaping Animals
pecheneg
Reality TV Shows (A-Z)
bhenderson79
Rickey Henderson's Hall of Fame Teammates
pecheneg
Champions League XIs: Arsenal
pecheneg
Quick Pick: Celebrities in WWE's Hall of Fame
aduchscher
A-Z Keypad Blitz II
pecheneg
Multiple Oscar Actors
pecheneg
Mystery Phrase Blitz: Oscar 'Best Actors'
pecheneg
F. Scott Fitzgerald Novels
LTH
Pick 3 Villains
ddd62291
Trending Topics
Harry Potter
Kpop
Marvel
Disney
Anime
NBA
Crossword
NFL
WWE
Pokémon
Soccer
Country
Song
Puzzle
The Office
Your Account Isn't Verified!
In order to create a playlist on Sporcle, you need to verify the email address you used during registration. Go to your
Sporcle Settings
to finish the process.
Report this User
Report this user for behavior that violates our
Community Guidelines
.
Details:
Send Report
Go to the Sporcle.com Mobile Site →
Comments